Clubs ayant éliminé l'OM en Coupe de France depuis 1989 - Statistiques

Statistiques générales
  • Ce quiz a été pris 213 fois
    93 depuis la dernière actualisation
  • Le résultat moyen est 23 sur 35
Statistiques - réponses
Année Club % Correct
1995 PSG
95%
2002 PSG
95%
2003 PSG
95%
2004 PSG
95%
2006 PSG
95%
2013 PSG
95%
2016 PSG
95%
2018 PSG
95%
2024 Rennes
88%
1999 RC Lens
85%
2010 RC Lens
85%
2014 OGC Nice
82%
2022 OGC Nice
82%
1991 AS Monaco
81%
1998 AS Monaco
81%
2017 AS Monaco
81%
1997 LOSC
79%
2025 LOSC
79%
1994 Montpellier
69%
2009 OL
68%
2020 OL
68%
2023 FC Annecy
67%
1996 AJ Auxerre
62%
2007 FC Sochaux
62%
2021 Canet Roussillon
49%
1990 RC Paris
44%
2019 ASF Andrézieux-Bouthéon
40%
1993 ASSE
39%
2008 US Carquefou
31%
2012 US Quevilly
31%
2000 FC Gueugnon
21%
2001 Chateauroux
9%
2005 Angers SCO
8%
2015 Grenoble Foot 38
8%
2011 Evian TG
2%
Aucun quiz correspondant
Distribution des résultats
% des personnes avec chaque résultat
Percentile par nombre de réponses
Votre historique - résultats
Vous n’avez pas pris ce quiz depuis la dernière actualisation